Nanoscience in biomedicine (Registro nro. 315108)
[ vista simple ]
| 000 -ENCABEZADO | |
|---|---|
| Número de control [NR] | 00863cam a2200277 a 4500 |
| 001 - NÚMERO DE CONTROL | |
| control field | 15876388 |
| 005 - FECHA Y HORA DE LA ÚLTIMA TRANSACCIÓN | |
| control field | 20211207133957.0 |
| 008 - DE LONGITUD FIJA DE DATOS DE ELEMENTOS - INFORMACIÓN GENERAL | |
| Elementos de longitud fija [NR] | 190925s2009 ch a 000 0 eng d |
| 010 ## - NUMERO DE CONTROL DE LA BIBLIOTECA DEL CONGRESO (LC) [NR] | |
| Número de control LC [NR] | 2009281159 |
| 020 ## - NUMERO INTERNACIONAL NORMALIZADO PARA LIBROS [R] | |
| Número Internacional Normalizado del libro [NR] | 9783540496601 |
| 020 ## - NUMERO INTERNACIONAL NORMALIZADO PARA LIBROS [R] | |
| ISBN Cancelado/ Invalidado [R] | 3540496602 |
| 035 ## - NUMERO DE CONTROL DEL SISTEMA [R] | |
| Número de control del sistema [NR] | (OCoLC)ocn428017766 |
| 040 ## - FUENTE DE CATALOGACION [NR] | |
| Agencia de catalogación original [NR] | CO-BoUCM |
| Quien Cataloga | Saul Niño |
| Quien Clasifica | Saul Niño |
| Idioma de catalogación [NR] | spa |
| 041 0# - CODIGO DE IDIOMA [R] | |
| Código de idioma para texto/pista de sonido o título separado [R] | Inglés |
| 060 ## - SIGNATURA TOPOGRAFICA DE LA BIBLIOTECA NACIONAL DE MEDICINA (NLM) [R] | |
| Número clasificador [R] | QT 36 |
| 245 00 - MENCION DE TITULO [NR] | |
| Título [NR] | Nanoscience in biomedicine |
| Mención de responsabilidad, etc. [NR] | [edited by] Donglu Shi |
| 260 ## - PUBLICACION, DISTRIBUCION, ETC. (PIE DE IMPRENTA) [R] | |
| Lugar de publicación, distribución, etc. [R] | Beijing |
| Nombre del editor, distribuidor, etc. [R] | Tsinghua University Press |
| Lugar de publicación, distribución, etc. [R] | Berlin |
| Nombre del editor, distribuidor, etc. [R] | Springer |
| Fecha de publicación, distribución, etc. [R] | 2009 |
| 300 ## - DESCRIPCION FISICA [R] | |
| Extensión [R] | xvi, 711 páginas., [17] páginas de láminas |
| 546 ## - NOTA DE IDIOMA [R] | |
| Nota de idioma [NR] | Texto en inglés |
| 650 #7 - ASIENTO SECUNDARIO DE MATERIA - TERMINO TEMATICO [R] | |
| Término temático o nombre geográfico como elemento de entrada [NR] | Ingeniería biomédica |
| 9 (RLIN) | 17611 |
| 650 #7 - ASIENTO SECUNDARIO DE MATERIA - TERMINO TEMATICO [R] | |
| Término temático o nombre geográfico como elemento de entrada [NR] | Nanotecnología |
| 9 (RLIN) | 20077 |
| 650 #0 - ASIENTO SECUNDARIO DE MATERIA - TERMINO TEMATICO [R] | |
| Término temático o nombre geográfico como elemento de entrada [NR] | Nanociencia |
| 9 (RLIN) | 98573 |
| 700 1# - ASIENTO SECUNDARIO - NOMBRE PERSONAL [R] | |
| Nombre personal [NR] | Shi, Donglu |
| Término de relación [R] | editor |
| 9 (RLIN) | 98575 |
| 942 ## - ELEMENTOS DE ENTRADA AGREGADOS (KOHA) | |
| Sistema de clasificación | NLM |
| Tema principal | Ciencias puras |
| Tipo de ítem principal el descrito en 300a | Libro |
| Edición | 1 |
| Clasificación | QT 36 |
| Parte restante de la signatura top. | N186b |
| Fecha de último préstamo | Total préstamos | Total Renewals | Signatura topográfica | Código de barras | Última vez visto | Ejemplar | Costo de reposición | Price effective from | Tipo de ítem | Perdido | Sistema de clasificación | Dañado | No prestable | Tipo de ítem específico | Suprimido | Ubicación habitual | Ubicación actual | Localización | Fecha de creación | Proveedor | Forma de adquisición | Costo |
|---|---|---|---|---|---|---|---|---|---|---|---|---|---|---|---|---|---|---|---|---|---|---|
| 14/09/2021 | 5 | 4 | QT 36 N186b | 100163798 | 11/12/2025 | Ej.1 | 646252.00 | 25/09/2019 | Libro | NLM | Libro | Quinta de Mutis | Quinta de Mutis | 1er piso | 25/09/2019 | 15 | Compra | 646252.00 |